000 00288nam a22001217a 4500
008 181217b xxu||||| |||| 00| 0 eng d
041 _aeng
080 _24 TH
_a610
100 _a4
101 _aSHM
245 _aClinical Guidelines In Family Practice
_cUphold.C.R
942 _2udc
_cBK
999 _c53210
_d53210